书目信息 |
| 题名: |
谁的生意被策划照亮
|
|
| 作者: | 叶茂中 著 | |
| 分册: | ||
| 出版信息: | 北京 中国人民大学出版社 2008.02 |
|
| 页数: | 326页 | |
| 开本: | 23cm | |
| 丛书名: | ||
| 单 册: | ||
| 中图分类: | F713.8 | |
| 科图分类: | ||
| 主题词: | 广告--市场营销学 | |
| 电子资源: | ||
| ISBN: | 978-7-300-08914-0 | |
| 000 | 00867nam0 2200241 450 | |
| 001 | 004563608 | |
| 005 | 20100812145811.21 | |
| 010 | @a978-7-300-08914-0@dCNY39.80 | |
| 090 | @aF713.5@bymz | |
| 100 | @a20100515d2008 em y0chiy50 ea | |
| 101 | 0 | @achi |
| 102 | @aCN@b110000 | |
| 105 | @aa z 000yy | |
| 200 | 1 | @a谁的生意被策划照亮@Ashui de sheng yi bei ce hua zhao liang@e叶茂中的营销策划(续)@f叶茂中著@Fye mao zhong zhu |
| 210 | @a北京@c中国人民大学出版社@d2008.02 | |
| 215 | @a326页@c图@d23cm | |
| 330 | @a本书展示了叶茂中的相关营销策划方案,如有:黄宾虹《江流宛转绕芳甸》、林风眠《紫衣少女》、徐悲鸿《红叶双骏》、林风眠《花间仕女》等。 | |
| 517 | 1 | @a叶茂中的营销策划(续)@Aye mao zhong de ying xiao ce hua (xu) |
| 606 | 0 | @a广告@x市场营销学 |
| 690 | @aF713.8@v4 | |
| 701 | 0 | @a叶茂中@Aye mao zhong@4著 |
| 801 | @c20100515 | |
| 905 | @dF713.8@eY436@f5 | |
| 谁的生意被策划照亮:叶茂中的营销策划(续)/叶茂中著.-北京:中国人民大学出版社,2008.02 |
| 326页:图;23cm |
| ISBN 978-7-300-08914-0:CNY39.80 |
| 本书展示了叶茂中的相关营销策划方案,如有:黄宾虹《江流宛转绕芳甸》、林风眠《紫衣少女》、徐悲鸿《红叶双骏》、林风眠《花间仕女》等。 |
| ● |
| 相关链接 |
|
|
|
正题名:谁的生意被策划照亮
索取号:F713.8/Y436
 
预约/预借
| 序号 | 登录号 | 条形码 | 馆藏地/架位号 | 状态 | 备注 |
| 1 | 1026115 | 210261152 | 社科库409/409社科库 44排5列4层/ [索取号:F713.8/Y436] | 在馆 | |
| 2 | 1026116 | 210261161 | 社科库409/400B社科库 1排3列4层/ [索取号:F713.8/Y436] | 在馆 | |
| 3 | 1026117 | 210261170 | 社科库409/409社科库 44排5列4层/ [索取号:F713.8/Y436] | 在馆 | |
| 4 | 1026118 | 210261189 | 社科库409/400B社科库 1排3列4层/ [索取号:F713.8/Y436] | 在馆 | |
| 5 | 1026119 | 210261198 | 社科库409/409社科库 44排5列4层/ [索取号:F713.8/Y436] | 在馆 |